[Event "Budapest FS03 FM-2"]
[Site "Budapest"]
[Date "2024.03.20"]
[Round "7"]
[White "Aadhya, V."]
[Black "Szalanczy, Emil"]
[Result "1-0"]
[WhiteElo "1714"]
[BlackElo "1869"]
[PlyCount "113"]
[EventDate "2024.03.14"]
[EventType "tourn"]
[EventRounds "9"]
[EventCountry "HUN"]
[SourceTitle "CB15_2024"]
[SourceDate "2024.04.10"]
[SourceVersion "1"]
[SourceVersionDate "2024.04.10"]
[SourceQuality "1"]

1. d4 Nf6 2. c4 g6 3. Nc3 d5 4. cxd5 Nxd5 5. e4 Nxc3 6. bxc3 Bg7 7. Be3 c5 8. Bc4 Nc6 9. Ne2 0-0 10. 0-0 e5 11. d5 Na5 12. Bd3 b6 13. c4 Bg4 14. f3 Bd7 15. Qc2 Rc8 16. Rae1 b5 17. Ng3 Nxc4 18. Bxc4 bxc4 19. Qxc4 Qa5 20. Rb1 a6 21. Rfc1 Bb5 22. Qc2 h5 23. Qf2 Bd3 24. Rb7 c4 25. d6 Qa3 26. d7 Rc6 27. Qd2 Rd6 28. Rc7 h4 29. Bc5 Qxc5+ 30. Rxc5 hxg3 31. hxg3 Rxd7 32. R5xc4 Rdd8 33. Rc7 Bb5 34. Qg5 Rfe8 35. Re7 Rf8 36. Rcc7 Rd6 37. Qg4 Bf6 38. Rcd7 Bxd7 39. Rxd7 Rc6 40. f4 Kg7 41. Rd1 Rc2 42. Qf3 Rxa2 43. Qb3 Ra5 44. Rd5 Ra1+ 45. Kf2 exf4 46. gxf4 Rh1 47. Rd7 a5 48. e5 Bd8 49. e6 a4 50. Qb7 Bh4+ 51. g3 Rh2+ 52. Kg1 Bxg3 53. Rxf7+ Rxf7 54. Qxf7+ Kh6 55. e7 a3 56. e8Q a2 57. Qh8# 1-0

[Event "Budapest FS03 FM-2"]
[Site "Budapest"]
[Date "2024.03.14"]
[Round "1"]
[White "Aadhya, V."]
[Black "Ladanyi, Tibor"]
[Result "0-1"]
[WhiteElo "1714"]
[BlackElo "1953"]
[PlyCount "140"]
[EventDate "2024.03.14"]
[EventType "tourn"]
[EventRounds "9"]
[EventCountry "HUN"]
[SourceTitle "CB15_2024"]
[SourceDate "2024.04.10"]
[SourceVersion "1"]
[SourceVersionDate "2024.04.10"]
[SourceQuality "1"]

1. d4 Nf6 2. c4 g6 3. Nc3 d5 4. cxd5 Nxd5 5. e4 Nxc3 6. bxc3 Bg7 7. Be3 c5 8. Bc4 Qa5 9. Ne2 cxd4 10. Bxd4 e5 11. Be3 0-0 12. 0-0 Nc6 13. Rb1 Qc7 14. Bd5 b6 15. c4 Rb8 16. Nc3 Be6 17. Bxe6 fxe6 18. Nb5 Qe7 19. Bc1 Rfd8 20. Qa4 Rd3 21. Ba3 Qd7 22. Rbd1 Rd8 23. Nd6 Rxa3 24. Qxa3 Bf8 25. g3 Bxd6 26. Qe3 Qe7 27. Kg2 Rf8 28. Qd2 Bc5 29. Qd7 Qxd7 30. Rxd7 Rf7 31. Rxf7 Kxf7 32. f4 exf4 33. gxf4 Na5 34. Rc1 Be3 35. Rc3 Bc5 36. Rd3 Ke7 37. Rh3 h5 38. f5 Kf6 39. fxg6 Kxg6 40. Rc3 Bd4 41. Rc2 Nc6 42. Rd2 e5 43. h4 Nd8 44. Kf3 Ne6 45. Rg2+ Kf7 46. Rd2 a5 47. Rd3 Ke7 48. Rd2 Kd6 49. a3 Kc5 50. Rc2 Nf4 51. Rc1 Bb2 52. Rb1 Nd3 53. Ke3 Kxc4 54. Rd1 Nf4 55. Kf3 Bxa3 56. Rd8 Bc5 57. Re8 Bd4 58. Rc8+ Kb3 59. Rd8 a4 60. Rxd4 exd4 61. Kxf4 d3 62. e5 d2 63. e6 d1Q 64. e7 Qe2 65. Kg3 Qxe7 66. Kg2 Qe3 67. Kh1 Qe2 68. Kg1 a3 69. Kh1 a2 70. Kg1 a1R# 0-1

[Event "Budapest FS03 FM"]
[Site "Budapest"]
[Date "2024.03.11"]
[Round "8"]
[White "Ladanyi, Tibor"]
[Black "Aadhya, V."]
[Result "1-0"]
[WhiteElo "1953"]
[BlackElo "1714"]
[PlyCount "77"]
[EventDate "2024.03.02"]
[EventType "swiss"]
[EventRounds "9"]
[EventCountry "HUN"]
[SourceTitle "CB13_2024"]
[SourceDate "2024.03.27"]
[SourceVersion "1"]
[SourceVersionDate "2024.03.27"]
[SourceQuality "1"]

1. d4 d5 2. c4 e6 3. Nc3 Be7 4. cxd5 exd5 5. Bf4 Nf6 6. e3 0-0 7. Bd3 b6 8. Nge2 Bb7 9. h3 c5 10. Rc1 Nc6 11. 0-0 a6 12. Bb1 c4 13. f3 b5 14. a3 Qb6 15. Kh1 Rfd8 16. g4 a5 17. Ng3 g6 18. g5 Ne8 19. h4 Ng7 20. Nce2 Ne6 21. Rg1 b4 22. axb4 axb4 23. h5 Nxf4 24. exf4 Kh8 25. f5 Bxg5 26. f4 Bf6 27. hxg6 Bg7 28. f6 Bxf6 29. g7+ Bxg7 30. Qc2 Kg8 31. Nf5 Kf8 32. Rxg7 Ne7 33. Neg3 Bc8 34. Rxh7 Ng6 35. Qh2 Qf6 36. Qh6+ Ke8 37. Nh5 Qb6 38. Qg7 Be6 39. Nf6# 1-0

[Event "Wch U08"]
[Site "Batumi"]
[Date "2022.09.23"]
[Round "7"]
[White "Zahariev, Velislav"]
[Black "Aadhya, V."]
[Result "0-1"]
[WhiteElo "1290"]
[BlackElo "1193"]
[PlyCount "55"]
[EventDate "2022.09.16"]
[EventType "swiss"]
[EventRounds "11"]
[EventCountry "GEO"]
[SourceTitle "EXT 2023"]
[Source "ChessBase"]
[SourceDate "2022.10.05"]
[SourceVersion "1"]
[SourceVersionDate "2022.10.05"]
[SourceQuality "1"]

1. e4 e5 2. Nf3 Nc6 3. Bc4 Bc5 4. d3 h6 5. Nc3 Nf6 6. Be3 Bb6 7. Nd5 0-0 8. 0-0 d6 9. h3 Be6 10. c3 Na5 11. Nxb6 axb6 12. Bb5 Bd7 13. Bxd7 Qxd7 14. Nh4 d5 15. Qc2 dxe4 16. dxe4 Qc6 17. f3 Nc4 18. Bc1 Rfd8 19. b3 Nd6 20. Bb2 Nb5 21. c4 Nd4 22. Bxd4 exd4 23. Nf5 Qc5 24. Qd3 Qe5 25. a4 Nh5 26. Rad1 Nf4 27. Qd2 d3 28. Rfe1 0-1

[Event "Wch U08"]
[Site "Batumi"]
[Date "2022.09.20"]
[Round "5"]
[White "Lishoy Gengis Paratazham, Dildarav"]
[Black "Aadhya, V."]
[Result "0-1"]
[WhiteElo "1402"]
[BlackElo "1193"]
[PlyCount "49"]
[EventDate "2022.09.16"]
[EventType "swiss"]
[EventRounds "11"]
[EventCountry "GEO"]
[SourceTitle "EXT 2023"]
[Source "ChessBase"]
[SourceDate "2022.10.05"]
[SourceVersion "1"]
[SourceVersionDate "2022.10.05"]
[SourceQuality "1"]

1. e4 e5 2. Nc3 Nf6 3. f4 d5 4. exd5 Nxd5 5. Nxd5 Qxd5 6. Qe2 e4 7. d3 f5 8. dxe4 fxe4 9. Be3 Nc6 10. Qc4 Qf5 11. Qb5 Qf6 12. 0-0-0 Bd7 13. Qd5 0-0-0 14. Qxe4 Bd6 15. Qf3 Rhe8 16. Kb1 Qe6 17. Bc1 Nb4 18. b3 Rf8 19. Bc4 Qg6 20. Qc3 Bf5 21. Bd3 Bxd3 22. cxd3 Qxg2 23. Ne2 Qxe2 24. Rd2 Qf3 25. Re1 0-1

[Event "Wch U08"]
[Site "Batumi"]
[Date "2022.09.18"]
[Round "3"]
[White "Llari, Marc"]
[Black "Aadhya, V."]
[Result "1-0"]
[WhiteElo "1800"]
[BlackElo "1193"]
[PlyCount "48"]
[EventDate "2022.09.16"]
[EventType "swiss"]
[EventRounds "11"]
[EventCountry "GEO"]
[SourceTitle "EXT 2023"]
[Source "ChessBase"]
[SourceDate "2022.10.05"]
[SourceVersion "1"]
[SourceVersionDate "2022.10.05"]
[SourceQuality "1"]

1. e4 e5 2. Nf3 Nc6 3. Bb5 a6 4. Ba4 Nf6 5. d3 b5 6. Bb3 Bc5 7. c3 0-0 8. Nbd2 d6 9. Nf1 h6 10. Ng3 Be6 11. Bc2 a5 12. 0-0 Bb6 13. h3 Qe7 14. d4 exd4 15. cxd4 Nb4 16. Bb1 c5 17. a3 Nc6 18. Bf4 Bc8 19. e5 dxe5 20. dxe5 Nd5 21. Qd3 f5 22. exf6 Rxf6 23. Be5 Rxf3 24. Qxf3 Qg5 1-0

[Event "Wch U08"]
[Site "Batumi"]
[Date "2022.09.17"]
[Round "2"]
[White "Aadhya, V."]
[Black "Banerjee, Supratit"]
[Result "1/2-1/2"]
[WhiteElo "1193"]
[BlackElo "1484"]
[PlyCount "46"]
[EventDate "2022.09.16"]
[EventType "swiss"]
[EventRounds "11"]
[EventCountry "GEO"]
[SourceTitle "EXT 2023"]
[Source "ChessBase"]
[SourceDate "2022.10.05"]
[SourceVersion "1"]
[SourceVersionDate "2022.10.05"]
[SourceQuality "1"]

1. d4 Nf6 2. c4 e6 3. Nc3 d5 4. Bg5 Be7 5. Nf3 0-0 6. e3 Ne4 7. Bxe7 Qxe7 8. cxd5 Nxc3 9. bxc3 exd5 10. Bd3 Bg4 11. Qc2 h6 12. Ne5 Be6 13. 0-0 Nd7 14. Nxd7 Qxd7 15. e4 c6 16. e5 f5 17. f4 Rac8 18. Rf3 c5 19. Qe2 Qc7 20. Rb1 cxd4 21. cxd4 a6 22. Rg3 Qc3 23. Qf2 b5 1/2-1/2